000 00671na a2200253 4500
001 14275
003 MIRAKIL
005 20181213155205.0
008 161031b tu 000 0
020 _a9757306533
035 _a14275
040 _aMilas
_btur
_cTR-AnCHP
041 _atur
082 _a320.9561
_bY37 1999
090 _a320.9561 Y37 1999
245 _a75 yılda düşünceler tartışmalar
260 _aİstanbul
_bTarih Vakfı Yayınları
_c1999
300 _a255 s.
_c24 sm.
650 _aİdeolojiler
_zTürkiye
650 _aLaiklik
_zTürkiye
650 _aDemokrasi
_zTürkiye
650 _aSiyaset ve yönetim
_zTürkiye
942 _2ddc
_cBKS
999 _c8271
_d8271